[Event "First Saturday 09 July FM-A"]
[Site "Budapest"]
[Date "2009.07.04"]
[Round "1"]
[White "Ten Hagen, Yorick"]
[Black "Hansen, Rene Rauer"]
[Result "1-0"]
[WhiteElo "2150"]
[BlackElo "1991"]
[PlyCount "67"]
[EventDate "2009.07.04"]

1. e4 e5 2. Nf3 Nc6 3. Bb5 a6 4. Ba4 Nf6 5. O-O Be7 6. Re1 b5 7. Bb3 d6 8. c3
O-O 9. h3 Nd7 10. d4 Bf6 11. Be3 Bb7 12. Nbd2 Nb6 13. Nf1 Na5 14. Bc2 Nac4 15.
Bc1 Nd7 16. b3 Ncb6 17. Ne3 g6 18. Ng4 Bg7 19. a4 h5 20. Nh6+ Kh8 21. a5 Nc8
22. d5 Ne7 23. g4 hxg4 24. hxg4 Ng8 25. Kg2 Bxh6 26. Rh1 Kg7 27. g5 Bxg5 28.
Nxg5 Ngf6 29. Qf3 Qe7 30. Nh7 Rh8 31. Bh6+ Kxh7 32. Bf8+ Nh5 33. Bxe7 Kg7 34.
Bg5 1-0

[Event "First Saturday 09 July FM-A"]
[Site "Budapest"]
[Date "2009.07.04"]
[Round "1"]
[White "Segelken, Peter"]
[Black "Greeff, Melissa"]
[Result "0-1"]
[WhiteElo "1912"]
[BlackElo "2038"]
[PlyCount "100"]
[EventDate "2009.07.04"]

1. e4 c5 2. Nf3 d6 3. Nc3 Nf6 4. d4 cxd4 5. Nxd4 a6 6. h3 e6 7. Bd3 b5 8. a3
Bb7 9. O-O Nbd7 10. Bg5 Be7 11. Qe2 Rc8 12. Kh1 h6 13. Be3 Nc5 14. f3 Nh5 15.
Bf2 Bf6 16. Nb3 Be5 17. Qe1 Qg5 18. Ne2 Nf4 19. Nxf4 Qxf4 20. Bg1 Bxb2 21. Bh2
Qf6 22. Ra2 Nxb3 23. cxb3 Be5 24. f4 Bc3 25. Qe2 O-O 26. e5 dxe5 27. fxe5 Qh4
28. Rf4 Qg5 29. Rg4 Qc1+ 30. Bg1 Qe1 31. Qxe1 Bxe1 32. Rc2 Rxc2 33. Bxc2 Rc8
34. Be4 Bxe4 35. Rxe4 Bg3 36. Re3 Bf4 37. Re1 Rc3 38. Rb1 Bxe5 39. a4 b4 40.
Bb6 Kf8 41. Kg1 Ke7 42. Kf1 f5 43. Re1 Bg3 44. Re3 Rc1+ 45. Ke2 Bd6 46. Rd3 e5
47. Kd2 Rc6 48. Bg1 e4 49. Rd5 Ke6 50. Rd4 Bc5 0-1

[Event "First Saturday 09 July FM-A"]
[Site "Budapest"]
[Date "2009.07.04"]
[Round "1"]
[White "Zoltan, Andras"]
[Black "Yip, Michael"]
[Result "1-0"]
[WhiteElo "1945"]
[BlackElo "2045"]
[PlyCount "49"]
[EventDate "2009.07.04"]

1. e4 e5 2. Bc4 Nf6 3. d4 exd4 4. Nf3 Nc6 5. O-O Bc5 6. e5 d5 7. exf6 dxc4 8.
Re1+ Be6 9. Ng5 Qxf6 10. Nxe6 fxe6 11. Qh5+ Kd7 12. Qxc5 Raf8 13. Re2 d3 14.
Re4 Qg6 15. Qxc4 Rf5 16. Nc3 Rhf8 17. Be3 Qf6 18. Qxd3+ Kc8 19. Qe2 h5 20. Rd1
Qg6 21. a4 Ne5 22. Bxa7 Nf3+ 23. Kh1 Ng5 24. Rc4 c6 25. Rxc6+ 1-0

[Event "First Saturday 09 July FM-A"]
[Site "Budapest"]
[Date "2009.07.04"]
[Round "1"]
[White "Czibulka, Zoltan"]
[Black "Koczo, Kristof"]
[Result "1/2-1/2"]
[WhiteElo "2087"]
[BlackElo "2242"]
[PlyCount "269"]
[EventDate "2009.07.04"]

1. Nf3 d5 2. c4 c6 3. b3 Nf6 4. Bb2 Bg4 5. e3 Nbd7 6. Be2 e6 7. Ne5 Bxe2 8.
Qxe2 Nxe5 9. Bxe5 Be7 10. O-O O-O 11. d3 Qd7 12. Rd1 Rfd8 13. Nc3 Ne8 14. h3 f6
15. Bh2 e5 16. Qc2 Rac8 17. Ne2 Qf5 18. g4 Qf3 19. Ng3 g6 20. Kf1 d4 21. e4 Ng7
22. Qe2 Qxe2+ 23. Nxe2 Ne6 24. f4 exf4 25. Nxf4 Nxf4 26. Bxf4 Bd6 27. Bxd6 Rxd6
28. Re1 Re8 29. Re2 Re5 30. b4 h5 31. Kf2 Kf7 32. Kg3 Rde6 33. Rae1 Kg7 34. Kf4
Re8 35. Rb1 Rh8 36. Kg3 Rg5 37. Rf2 hxg4 38. hxg4 Rf8 39. Kf4 Re5 40. Rh2 Rh8
41. Rxh8 Kxh8 42. c5 Kg7 43. Rc1 Re8 44. Rc4 g5+ 45. Kf3 Rd8 46. a4 a6 47. b5
axb5 48. axb5 cxb5 49. Rb4 Kf7 50. Rxb5 Rd7 51. e5 fxe5 52. Ke4 Re7 53. Kf5 e4
54. dxe4 d3 55. e5 d2 56. Rb1 Rc7 57. Rd1 Rxc5 58. Rxd2 b5 59. Rd7+ Ke8 60. Rb7
Rc6 61. e6 Rc1 62. Kf6 Rf1+ 63. Kxg5 Re1 64. Rxb5 Rxe6 65. Rf5 Ke7 66. Kh5 Re1
67. g5 Ke6 68. Rf4 Rh1+ 69. Kg6 Ke7 70. Kg7 Re1 71. g6 Re2 72. Kg8 Re1 73. Rf7+
Ke8 74. Rh7 Kd8 75. Ra7 Rg1 76. g7 Ke8 77. Rf7 Rh1 78. Rf2 Ke7 79. Re2+ Kd7 80.
Re5 Kd6 81. Re8 Kd7 82. Re4 Rh2 83. Re5 Kd6 84. Kf8 Rf2+ 85. Ke8 Kxe5 86. g8=Q
Rf5 87. Ke7 Kf4 88. Ke6 Re5+ 89. Kd6 Rf5 90. Qg2 Rg5 91. Qf2+ Ke4 92. Ke6 Rg6+
93. Kf7 Rg4 94. Qe2+ Kf5 95. Qb5+ Ke4 96. Kf6 Kf3 97. Qh5 Kg3 98. Qe5+ Kf3 99.
Kf5 Rg3 100. Qc3+ Kf2 101. Qd2+ Kf3 102. Qf4+ Kg2 103. Ke4 Kh3 104. Qf1+ Kh2
105. Qf2+ Kh1 106. Qf1+ Kh2 107. Qf4 Kg2 108. Qd2+ Kh3 109. Qe2 Rg4+ 110. Kf5
Rg5+ 111. Kf6 Rg4 112. Qf3+ Rg3 113. Qf1+ Kh2 114. Kf5 Rg1 115. Qf2+ Kh1 116.
Qh4+ Kg2 117. Kf4 Rf1+ 118. Ke3 Rf3+ 119. Ke2 Rg3 120. Qe4+ Kg1 121. Qd4+ Kg2
122. Qh4 Rh3 123. Qf2+ Kh1 124. Kf1 Rg3 125. Qd4 Rf3+ 126. Ke2 Rg3 127. Qe4+
Kg1 128. Qb1+ Kg2 129. Qf1+ Kh2 130. Qf4 Kg2 131. Qh4 Rh3 132. Qf2+ Kh1 133.
Qf5 Rg3 134. Qe4+ Kg1 135. Qf4 1/2-1/2

[Event "First Saturday 09 July FM-A"]
[Site "Budapest"]
[Date "2009.07.05"]
[Round "2"]
[White "Yip, Michael"]
[Black "Czibulka, Zoltan"]
[Result "1/2-1/2"]
[WhiteElo "2045"]
[BlackElo "2087"]
[PlyCount "186"]
[EventDate "2009.07.04"]

1. d4 e6 2. c4 d5 3. Nc3 c6 4. Nf3 Nd7 5. e4 dxe4 6. Nxe4 Ngf6 7. Nxf6+ Nxf6 8.
Bd3 Bb4+ 9. Bd2 Qa5 10. a3 Bxd2+ 11. Qxd2 Qxd2+ 12. Kxd2 Ke7 13. Ne5 Rd8 14.
Kc3 Bd7 15. f3 Rac8 16. b4 Be8 17. Rhd1 h6 18. Bc2 b5 19. g3 bxc4 20. Nxc4 Nd5+
21. Kb2 Nb6 22. Na5 Rc7 23. Bb3 Rd6 24. Rac1 Kd8 25. f4 g5 26. Rc5 f6 27. Rdc1
gxf4 28. gxf4 Rxd4 29. Nxc6+ Bxc6 30. Rxc6 Rxc6 31. Rxc6 Rxf4 32. Rxe6 Rf2+ 33.
Kc3 Kd7 34. Kd4 Rb2 35. Re3 Rxh2 36. a4 Rh4+ 37. Kc5 Rh5+ 38. Kd4 Kd8 39. a5
Nd7 40. Re6 Rb5 41. Kc3 Rb7 42. Ba4 h5 43. Bxd7 Rxd7 44. Rxf6 Rh7 45. b5 Kc8
46. b6 a6 47. Kd4 h4 48. Kd5 Kb7 49. Ke4 h3 50. Rf1 h2 51. Rh1 Rh5 52. Kd4 Rh3
53. Kc5 Rh4 54. Kd5 Rh5+ 55. Kc4 Kc6 56. Kb4 Rh4+ 57. Kc3 Rh7 58. Kb4 Kd5 59.
Rd1+ Ke4 60. Rh1 Kf3 61. Kc5 Kg2 62. Rxh2+ Kxh2 63. Kc6 Rh5 64. b7 Rb5 65. Kc7
Rxa5 66. b8=Q Rh5 67. Kb6+ Kh3 68. Kxa6 Kg4 69. Qg8+ Rg5 70. Qh7 Rf5 71. Kb6
Kg5 72. Qg7+ Kf4 73. Kc6 Ke4 74. Kd6 Rd5+ 75. Ke6 Rc5 76. Qg6+ Kd4 77. Kd6 Rb5
78. Qg4+ Kc3 79. Qf3+ Kd4 80. Qf4+ Kc3 81. Qc1+ Kd4 82. Kc6 Re5 83. Qf4+ Re4
84. Qd6+ Ke3 85. Kc5 Kf3 86. Kd5 Rf4 87. Ke5 Kg3 88. Qd3+ Rf3 89. Qd4 Rf2 90.
Qe3+ Kg2 91. Ke4 Kf1 92. Qg3 Re2+ 93. Kf3 Re3+ 1/2-1/2

[Event "First Saturday 09 July FM-A"]
[Site "Budapest"]
[Date "2009.07.05"]
[Round "2"]
[White "Greeff, Melissa"]
[Black "Zoltan, Andras"]
[Result "1-0"]
[WhiteElo "2038"]
[BlackElo "1945"]
[PlyCount "77"]
[EventDate "2009.07.04"]

1. e4 e5 2. Nf3 Nc6 3. Bb5 f5 4. d3 fxe4 5. dxe4 Nf6 6. O-O Bc5 7. Bxc6 bxc6 8.
Nxe5 O-O 9. Bg5 Qe8 10. Bxf6 Rxf6 11. Nd3 Bd4 12. c3 Bb6 13. Nd2 Ba6 14. Qc2
Qf7 15. Nf3 Rf8 16. Nde5 Qe6 17. Rfd1 d6 18. Nxc6 Rxf3 19. gxf3 Rxf3 20. Nd4
Qg4+ 21. Kh1 Bxd4 22. cxd4 Rf4 23. Qb3+ Rf7 24. f3 Qh5 25. Rd2 Bc8 26. Rg2 h6
27. Rag1 Kh7 28. Rg3 Bd7 29. Qd5 Qxd5 30. exd5 c6 31. Rg6 cxd5 32. Rxd6 Bc8 33.
Rc1 Bb7 34. Kg2 h5 35. b4 a6 36. a4 g6 37. b5 axb5 38. axb5 Kh6 39. b6 1-0

[Event "First Saturday 09 July FM-A"]
[Site "Budapest"]
[Date "2009.07.05"]
[Round "2"]
[White "Katona, Jozsef"]
[Black "Segelken, Peter"]
[Result "1-0"]
[WhiteElo "1962"]
[BlackElo "1912"]
[PlyCount "83"]
[EventDate "2009.07.04"]

1. d4 d5 2. c4 c6 3. cxd5 cxd5 4. Nc3 Nf6 5. Bf4 Nc6 6. e3 a6 7. Rc1 e6 8. Nf3
Be7 9. Bd3 O-O 10. h3 Bd6 11. Ne5 Bxe5 12. dxe5 Nd7 13. O-O Ndxe5 14. Bxh7+
Kxh7 15. Qh5+ Kg8 16. Bxe5 Nxe5 17. Qxe5 Bd7 18. Rfd1 f6 19. Qd6 Rc8 20. Ne2
Rc6 21. Rxc6 bxc6 22. Nd4 Bc8 23. Qxc6 e5 24. Ne6 Bxe6 25. Qxe6+ Kh7 26. Rxd5
Qc7 27. Qd6 Qc1+ 28. Kh2 Qc8 29. Rc5 Qa8 30. Rc7 Rg8 31. Qd7 Qe4 32. Qc6 Qf5
33. Qf3 Qg6 34. Qg3 Rb8 35. Qh4+ Kg8 36. Qc4+ Kh7 37. b3 Qg5 38. Qd3+ Kh6 39.
Qxa6 e4 40. Qd6 Re8 41. Qf4 Ra8 42. Qxg5+ 1-0

[Event "First Saturday 09 July FM-A"]
[Site "Budapest"]
[Date "2009.07.05"]
[Round "2"]
[White "Schenkerik, Csaba"]
[Black "Ten Hagen, Yorick"]
[Result "1/2-1/2"]
[WhiteElo "2153"]
[BlackElo "2150"]
[PlyCount "36"]
[EventDate "2009.07.04"]

1. e4 e5 2. Nf3 Nc6 3. Bb5 Nf6 4. O-O Nxe4 5. d4 Nd6 6. Bxc6 dxc6 7. dxe5 Nf5
8. Qxd8+ Kxd8 9. Nc3 Bd7 10. Bf4 h6 11. Rad1 Kc8 12. Ne4 Be7 13. h3 b6 14. c4
Be6 15. b3 Kb7 16. Bc1 Rad8 17. Bb2 Rhg8 18. Rfe1 Ra8 1/2-1/2

[Event "First Saturday 09 July FM-A"]
[Site "Budapest"]
[Date "2009.07.06"]
[Round "3"]
[White "Borda, Lajos"]
[Black "Schenkerik, Csaba"]
[Result "1/2-1/2"]
[WhiteElo "2070"]
[BlackElo "2153"]
[PlyCount "87"]
[EventDate "2009.07.04"]

1. d4 d5 2. a3 e6 3. e3 c5 4. Nf3 Nc6 5. c4 Nf6 6. Nc3 a6 7. dxc5 Bxc5 8. b4
Ba7 9. Bb2 O-O 10. cxd5 exd5 11. Be2 Be6 12. O-O Qd6 13. b5 Ne5 14. Nxe5 Qxe5
15. Na4 Qg5 16. b6 Bb8 17. f4 Qh4 18. Qd4 Bd6 19. g3 Qh6 20. Rac1 Rad8 21. Bf3
Rfe8 22. Rfd1 Bg4 23. Bxg4 Nxg4 24. Rd2 Nxe3 25. Re2 Re4 26. Qd3 Ng4 27. Qc2
Rxe2 28. Qxe2 Qe6 29. Qxe6 fxe6 30. Bd4 e5 31. h3 exd4 32. hxg4 Bxa3 33. Rc7 d3
34. Kf2 d2 35. Ke2 Bb4 36. Nb2 Rb8 37. Rd7 Ba5 38. Rxd5 Bxb6 39. Nc4 Re8+ 40.
Kxd2 Bf2 41. Rd3 Be1+ 42. Kd1 Bb4 43. g5 a5 44. Rd5 1/2-1/2

[Event "First Saturday 09 July FM-A"]
[Site "Budapest"]
[Date "2009.07.06"]
[Round "3"]
[White "Segelken, Peter"]
[Black "Hansen, Rene Rauer"]
[Result "0-1"]
[WhiteElo "1912"]
[BlackElo "1991"]
[PlyCount "88"]
[EventDate "2009.07.04"]

1. e4 d6 2. Nf3 Nf6 3. Nc3 c5 4. Be2 Nc6 5. O-O Bg4 6. h3 Bh5 7. d3 e6 8. Nh2
Bxe2 9. Nxe2 Be7 10. f4 O-O 11. Ng3 b5 12. c3 a5 13. f5 d5 14. Qe2 e5 15. Bg5
Nxe4 16. Nxe4 Bxg5 17. Nxg5 Qxg5 18. f6 g6 19. Rae1 Rfe8 20. d4 cxd4 21. Qxb5
Re6 22. Qxd5 Rd8 23. Qe4 dxc3 24. bxc3 Rxf6 25. Rxf6 Qxf6 26. Rf1 Qd6 27. Nf3
f6 28. Rf2 Kg7 29. Rd2 Qc5+ 30. Kh2 Rxd2 31. Nxd2 Qxc3 32. Nc4 Ne7 33. Nb6 Qc6
34. Qe3 Nf5 35. Qb3 Nd4 36. Qb2 Qe4 37. Qf2 Qf4+ 38. Qxf4 exf4 39. Nc4 Nc6 40.
Kg1 Kf7 41. Kf2 Ke6 42. Kf3 g5 43. Ke4 f5+ 44. Kf3 Ne5+ 0-1

[Event "First Saturday 09 July FM-A"]
[Site "Budapest"]
[Date "2009.07.06"]
[Round "3"]
[White "Zoltan, Andras"]
[Black "Katona, Jozsef"]
[Result "1-0"]
[WhiteElo "1945"]
[BlackElo "1962"]
[PlyCount "75"]
[EventDate "2009.07.04"]

1. e4 g6 2. d4 Bg7 3. Nc3 d6 4. Bc4 Nd7 5. Nf3 Nb6 6. Bb3 e6 7. Be3 Nf6 8. h3
O-O 9. Qd2 d5 10. e5 Ne4 11. Nxe4 dxe4 12. Ng5 Nd5 13. Nxe4 f5 14. Bg5 Qe8 15.
Nc5 b6 16. Bxd5 exd5 17. Nd3 c5 18. c3 Qc6 19. O-O Bd7 20. Rfe1 Rad8 21. h4 Be6
22. Rac1 c4 23. Nf4 b5 24. h5 Bc8 25. hxg6 h6 26. Bh4 Bd7 27. Re3 a5 28. Rce1
Be6 29. Rg3 Bc8 30. Nh5 Be6 31. Bf6 Rxf6 32. exf6 Bxf6 33. Nxf6+ Kg7 34. Nh5+
Kg8 35. Rxe6 Qxe6 36. Qxh6 Qe1+ 37. Kh2 Qe7 38. Qh7+ 1-0

[Event "First Saturday 09 July FM-A"]
[Site "Budapest"]
[Date "2009.07.06"]
[Round "3"]
[White "Czibulka, Zoltan"]
[Black "Greeff, Melissa"]
[Result "1-0"]
[WhiteElo "2087"]
[BlackElo "2038"]
[PlyCount "111"]
[EventDate "2009.07.04"]

1. Nf3 d5 2. c4 c6 3. b3 Bg4 4. e3 Nf6 5. Be2 Nbd7 6. Bb2 e6 7. Ne5 Bxe2 8.
Qxe2 Nxe5 9. Bxe5 Bd6 10. Bb2 O-O 11. O-O Qe7 12. d3 Rfe8 13. Nd2 Ba3 14. Be5
Nd7 15. Bc3 e5 16. Rad1 a5 17. Nb1 Bd6 18. Qd2 a4 19. b4 Nf6 20. c5 Bc7 21. Qb2
Rad8 22. Rde1 Qd7 23. e4 Nh5 24. g3 Qg4 25. f3 Qg6 26. Rd1 Qe6 27. Kg2 Rd7 28.
Qc2 b5 29. cxb6 Bxb6 30. Rc1 Rc8 31. Bd2 d4 32. Na3 c5 33. b5 Nf6 34. Nc4 Ra7
35. h3 Nd7 36. f4 f6 37. Rb1 Bd8 38. f5 Qe7 39. a3 Nb6 40. Na5 Qd6 41. Nc6 Raa8
42. Rfc1 Nd7 43. Qa2+ Kh8 44. Rc2 Bb6 45. Rc4 Rxc6 46. bxc6 Qxc6 47. Rc2 h6 48.
Qe6 Qc7 49. Rcb2 Ra6 50. Kf2 Qd8 51. g4 Ra7 52. Qd5 Qc7 53. h4 Ra6 54. g5 Kh7
55. Qf7 Nb8 56. g6+ 1-0

[Event "First Saturday 09 July FM-A"]
[Site "Budapest"]
[Date "2009.07.06"]
[Round "3"]
[White "Koczo, Kristof"]
[Black "Yip, Michael"]
[Result "1-0"]
[WhiteElo "2242"]
[BlackElo "2045"]
[PlyCount "133"]
[EventDate "2009.07.04"]

1. d4 Nf6 2. c4 e6 3. Nc3 d5 4. cxd5 exd5 5. Bg5 Be7 6. e3 c6 7. Qc2 Nbd7 8.
Bd3 Nf8 9. Nf3 Ne6 10. Bh4 g6 11. O-O O-O 12. Rab1 a5 13. a3 Ng7 14. b4 axb4
15. axb4 Bf5 16. Bxf5 Nxf5 17. Bxf6 Bxf6 18. b5 Nd6 19. bxc6 bxc6 20. Na4 Nc4
21. Ra1 Qc7 22. Nd2 Nxd2 23. Qxd2 Be7 24. Qc3 Bd6 25. g3 Rfc8 26. Nc5 h5 27.
Rab1 Ra7 28. Rb2 Qe7 29. Rfb1 Bxc5 30. dxc5 Kh7 31. Rb4 Re8 32. Rb8 Qe5 33.
Qxe5 Rxe5 34. Rc8 Ra2 35. Rxc6 d4 36. exd4 Rf5 37. Rf1 Rd5 38. Rd1 Rf5 39. f4
h4 40. Rf1 hxg3 41. hxg3 Rd5 42. Rf2 Ra4 43. Kg2 Rdxd4 44. Rb2 Rd3 45. Rc7 g5
46. Rxf7+ Kg6 47. Rf8 gxf4 48. Rxf4 Raa3 49. Rg4+ Kf5 50. Rg8 Rdc3 51. Rf2+ Ke6
52. Rg6+ Ke7 53. c6 Ra4 54. Rb2 Kf7 55. Rd6 Ra7 56. Rb7+ Rxb7 57. cxb7 Rb3 58.
Rd7+ Kg6 59. Kf2 Kf5 60. Ke2 Ke6 61. Rh7 Kd5 62. Kd2 Kd4 63. Kc2 Rb6 64. g4 Ke5
65. g5 Kf5 66. Rg7 Ke5 67. Rf7 1-0

[Event "First Saturday 09 July FM-A"]
[Site "Budapest"]
[Date "2009.07.07"]
[Round "4"]
[White "Greeff, Melissa"]
[Black "Koczo, Kristof"]
[Result "1-0"]
[WhiteElo "2038"]
[BlackElo "2242"]
[PlyCount "93"]
[EventDate "2009.07.04"]

1. e4 c6 2. d4 d5 3. e5 c5 4. dxc5 e6 5. Be3 Nd7 6. f4 Bxc5 7. Bxc5 Nxc5 8. Nf3
Ne7 9. Nd4 Nc6 10. c3 Ne4 11. g3 Qb6 12. Qb3 Nxd4 13. Qxb6 axb6 14. cxd4 Bd7
15. Nd2 Ra4 16. Nf3 Ke7 17. Bd3 Rha8 18. a3 Rb4 19. Rb1 Rb3 20. Ke2 Bb5 21.
Bxb5 Rxb5 22. Rhc1 Kd7 23. Ng5 f6 24. Nxe4 dxe4 25. Rc3 Rc8 26. Rxc8 Kxc8 27.
b4 f5 28. g4 Rd5 29. gxf5 exf5 30. Ke3 Rd8 31. Rg1 g6 32. h4 Kc7 33. Rc1+ Kd7
34. d5 Ra8 35. Rc3 Rd8 36. Kd4 Ke7 37. h5 gxh5 38. Rh3 h6 39. Rxh5 Rh8 40. Rxf5
h5 41. Rg5 h4 42. Rg2 e3 43. Kxe3 Ra8 44. Ke4 Rxa3 45. Rg7+ Kf8 46. Rh7 h3 47.
d6 1-0

[Event "First Saturday 09 July FM-A"]
[Site "Budapest"]
[Date "2009.07.07"]
[Round "4"]
[White "Katona, Jozsef"]
[Black "Czibulka, Zoltan"]
[Result "0-1"]
[WhiteElo "1962"]
[BlackElo "2087"]
[PlyCount "33"]
[EventDate "2009.07.04"]

1. d4 e6 2. c4 d5 3. cxd5 exd5 4. Nc3 c6 5. Nf3 Bf5 6. e3 Nd7 7. a3 Bd6 8. b4
Ngf6 9. Nh4 Bg4 10. Qc2 O-O 11. h3 Be6 12. Nf5 Bc7 13. g4 Ne4 14. Nxe4 dxe4 15.
Qxe4 Re8 16. Qg2 Bd5 17. f3 0-1

[Event "First Saturday 09 July FM-A"]
[Site "Budapest"]
[Date "2009.07.07"]
[Round "4"]
[White "Hansen, Rene Rauer"]
[Black "Zoltan, Andras"]
[Result "1/2-1/2"]
[WhiteElo "1991"]
[BlackElo "1945"]
[PlyCount "61"]
[EventDate "2009.07.04"]

1. d4 d5 2. c4 Nc6 3. e3 Nf6 4. Nc3 Bf5 5. Nf3 e6 6. a3 dxc4 7. Bxc4 Ne4 8. Bb5
Nxc3 9. bxc3 Bd6 10. c4 O-O 11. c5 Be7 12. Bb2 Qd5 13. O-O Rfd8 14. Rc1 a6 15.
Bc4 Qd7 16. Qe2 h6 17. Rfd1 Be4 18. Ba2 Bf8 19. Nd2 Bd5 20. Bb1 Ne7 21. e4 Bc6
22. Nf3 Ng6 23. Qe3 Be7 24. Ba2 Ba4 25. Rd2 Qb5 26. Bc4 Qc6 27. Ba2 b6 28. cxb6
Qxb6 29. g3 Rab8 30. h4 c6 31. Kg2 1/2-1/2

[Event "First Saturday 09 July FM-A"]
[Site "Budapest"]
[Date "2009.07.07"]
[Round "4"]
[White "Schenkerik, Csaba"]
[Black "Segelken, Peter"]
[Result "1-0"]
[WhiteElo "2153"]
[BlackElo "1912"]
[PlyCount "61"]
[EventDate "2009.07.04"]

1. e4 e5 2. Nf3 Nc6 3. Bc4 Be7 4. d4 d6 5. h3 exd4 6. Nxd4 Nf6 7. Nc3 Nxd4 8.
Qxd4 Be6 9. Bxe6 fxe6 10. Be3 O-O 11. O-O-O e5 12. Qd2 a6 13. f3 b5 14. Nd5
Nxd5 15. Qxd5+ Kh8 16. Kb1 Bg5 17. Rhe1 Bxe3 18. Rxe3 Qg5 19. Re2 h6 20. Qb7
Qd8 21. Re3 Qb8 22. Qc6 Ra7 23. Rc3 Qe8 24. Rdd3 Qxc6 25. Rxc6 Kg8 26. Kc1 Kf7
27. Rdc3 Rc8 28. Rxd6 c5 29. Rcd3 Rcc7 30. R3d5 Ke7 31. Rb6 1-0

[Event "First Saturday 09 July FM-A"]
[Site "Budapest"]
[Date "2009.07.08"]
[Round "5"]
[White "Segelken, Peter"]
[Black "Ten Hagen, Yorick"]
[Result "0-1"]
[WhiteElo "1912"]
[BlackElo "2150"]
[PlyCount "98"]
[EventDate "2009.07.04"]

1. e4 c5 2. Nf3 d6 3. Nc3 Nf6 4. Bb5+ Bd7 5. Bxd7+ Qxd7 6. O-O Nc6 7. d3 g6 8.
Be3 Bg7 9. Qd2 Ng4 10. h3 Nxe3 11. Qxe3 O-O 12. Nd1 Nd4 13. Nxd4 Bxd4 14. Qe2
Bg7 15. c4 a6 16. Rb1 b5 17. b3 b4 18. f4 e6 19. Ne3 f5 20. exf5 gxf5 21. Kh1
Kh8 22. Rf3 Bd4 23. Rbf1 Rae8 24. Nc2 Bc3 25. Qf2 Qg7 26. Rg3 Qf6 27. Rf3 a5
28. Kh2 a4 29. Qe2 Qg7 30. Qf2 Rg8 31. Qe2 Re7 32. Qf2 Ra7 33. Ne3 axb3 34.
axb3 Bd4 35. Qe2 Qg6 36. g4 fxg4 37. Nxg4 Rga8 38. Qe4 Ra2+ 39. Kh1 Qxe4 40.
dxe4 h5 41. Nf2 R8a3 42. f5 exf5 43. Rxf5 Bxf2 44. R1xf2 Rxf2 45. Rxf2 Rxb3 46.
Rd2 Rc3 47. Rxd6 Rxc4 48. e5 Kg7 49. Rb6 Re4 0-1

[Event "First Saturday 09 July FM-A"]
[Site "Budapest"]
[Date "2009.07.08"]
[Round "5"]
[White "Zoltan, Andras"]
[Black "Schenkerik, Csaba"]
[Result "1/2-1/2"]
[WhiteElo "1945"]
[BlackElo "2153"]
[PlyCount "27"]
[EventDate "2009.07.04"]

1. e4 c5 2. Nf3 e6 3. d3 Nc6 4. g3 g6 5. Bg2 Bg7 6. O-O Nge7 7. c3 d5 8. Qe2
O-O 9. Na3 b6 10. e5 Ba6 11. Re1 Rb8 12. Bf4 b5 13. d4 cxd4 14. Nxd4 1/2-1/2

[Event "First Saturday 09 July FM-A"]
[Site "Budapest"]
[Date "2009.07.08"]
[Round "5"]
[White "Czibulka, Zoltan"]
[Black "Hansen, Rene Rauer"]
[Result "1/2-1/2"]
[WhiteElo "2087"]
[BlackElo "1991"]
[PlyCount "113"]
[EventDate "2009.07.04"]

1. Nf3 Nf6 2. c4 g6 3. b3 Bg7 4. Bb2 d6 5. d4 c6 6. e3 Bg4 7. Be2 Nbd7 8. O-O
Ne4 9. h3 Bxf3 10. Bxf3 Ndf6 11. Qd3 d5 12. cxd5 cxd5 13. Rc1 O-O 14. Na3 a6
15. Rc2 Qd7 16. Be2 Rfc8 17. Rac1 e6 18. Nb1 Bf8 19. Qd1 Bh6 20. Bd3 Qd8 21.
Qe1 Rxc2 22. Rxc2 Rc8 23. Qc1 Rxc2 24. Qxc2 Qa5 25. Bxe4 Qe1+ 26. Kh2 Nxe4 27.
Qc8+ Kg7 28. Ba3 Nxf2 29. Qf8+ Kf6 30. Be7+ Kf5 31. Qxf7+ Ke4 32. Qxh7 Bxe3 33.
Qxg6+ Kxd4 34. Qf6+ e5 35. Qb6+ Kd3 36. Qg6+ Ne4 37. h4 Bf4+ 38. Kh3 Qh1+ 39.
Kg4 Qxg2+ 40. Kf5 Qh3+ 41. Qg4 Qf1 42. Ke6 Qxb1 43. Kxd5 Nc3+ 44. Ke6 Qxa2 45.
Qf3+ Kc2 46. Qg2+ Kxb3 47. Qxb7+ Kc2+ 48. Kf6 Nd5+ 49. Kg6 Qc4 50. Bd8 Qe4+ 51.
Kg7 Qd3 52. h5 e4 53. h6 Be5+ 54. Kf7 Qf3+ 55. Ke6 Qf8 56. Qxd5 Qxh6+ 57. Kxe5
1/2-1/2

[Event "First Saturday 09 July FM-A"]
[Site "Budapest"]
[Date "2009.07.08"]
[Round "5"]
[White "Koczo, Kristof"]
[Black "Katona, Jozsef"]
[Result "1-0"]
[WhiteElo "2242"]
[BlackElo "1962"]
[PlyCount "91"]
[EventDate "2009.07.04"]

1. d4 g6 2. c4 Bg7 3. e4 d6 4. Nc3 Nd7 5. Nf3 Nh6 6. h3 f6 7. Be3 Nf7 8. Bd3
O-O 9. Qc2 e5 10. d5 Nc5 11. g4 Qe7 12. Rg1 Bd7 13. b4 Nxd3+ 14. Qxd3 a6 15.
Rb1 b6 16. c5 Bb5 17. Qc2 bxc5 18. bxc5 Be8 19. c6 Ng5 20. Nxg5 fxg5 21. Qe2
Bf7 22. Kd2 Kh8 23. Rb7 Rfc8 24. Na4 Qe8 25. Rgb1 Bf6 26. Ra7 Bd8 27. Qxa6 Rab8
28. Rbb7 Bg8 29. Nc3 h5 30. Nb5 hxg4 31. hxg4 Qf8 32. Rxb8 Rxb8 33. Rb7 Rc8 34.
Na7 Ra8 35. Qe2 Bf7 36. Qf3 Kg7 37. Qh1 Qg8 38. a4 Be8 39. a5 Bf7 40. a6 Be8
41. Qa1 Kf6 42. Nb5 Bf7 43. Nc3 Be7 44. a7 Qc8 45. Qb1 Qxg4 46. Rb8 1-0

[Event "First Saturday 09 July FM-A"]
[Site "Budapest"]
[Date "2009.07.08"]
[Round "5"]
[White "Yip, Michael"]
[Black "Greeff, Melissa"]
[Result "0-1"]
[WhiteElo "2045"]
[BlackElo "2038"]
[PlyCount "67"]
[EventDate "2009.07.04"]

1. d4 d5 2. c4 c6 3. Nf3 Nf6 4. Nc3 dxc4 5. a4 Bf5 6. e3 e6 7. Bxc4 Bb4 8. O-O
O-O 9. Qe2 Bg6 10. Rd1 Qa5 11. Na2 Qxa4 12. b3 Qa5 13. Bb2 Be7 14. Nc3 Qc7 15.
e4 Nbd7 16. d5 exd5 17. exd5 Rfe8 18. Qd2 cxd5 19. Bxd5 Nb6 20. Nb5 Qd7 21. Bc4
Qxd2 22. Rxd2 Nxc4 23. bxc4 Rec8 24. Ne5 a6 25. Nd6 Rd8 26. Rad1 Ne4 27. Nxe4
Bxe4 28. Nd7 Bc6 29. Kf1 Ba4 30. Be5 Bxd1 31. Rxd1 Rac8 32. Rd4 f6 33. Bf4 Kf7
34. Rd5 0-1

[Event "First Saturday 09 July FM-A"]
[Site "Budapest"]
[Date "2009.07.09"]
[Round "6"]
[White "Katona, Jozsef"]
[Black "Yip, Michael"]
[Result "1/2-1/2"]
[WhiteElo "1962"]
[BlackElo "2045"]
[PlyCount "58"]
[EventDate "2009.07.04"]

1. d4 d5 2. c4 e6 3. cxd5 exd5 4. Nc3 Nf6 5. Bg5 c6 6. e3 Be7 7. Bd3 Nbd7 8.
Qc2 Nh5 9. Bxe7 Qxe7 10. Nge2 g6 11. g4 Ng7 12. Ng3 Nb6 13. b3 Bd7 14. O-O-O
O-O-O 15. Kb1 Kb8 16. Rc1 Qh4 17. Nce2 Rhe8 18. Nf4 Ne6 19. Ng2 Qe7 20. f4 Rc8
21. Qf2 c5 22. f5 Nc7 23. e4 cxd4 24. Qxd4 Qe5 25. Qf2 Bb5 26. Bxb5 Nxb5 27.
Qf4 Qxf4 28. Nxf4 dxe4 29. fxg6 hxg6 1/2-1/2

[Event "First Saturday 09 July FM-A"]
[Site "Budapest"]
[Date "2009.07.09"]
[Round "6"]
[White "Hansen, Rene Rauer"]
[Black "Koczo, Kristof"]
[Result "0-1"]
[WhiteElo "1991"]
[BlackElo "2242"]
[PlyCount "78"]
[EventDate "2009.07.04"]

1. d4 d5 2. c4 c6 3. Nf3 Nf6 4. Nc3 dxc4 5. a4 Bf5 6. e3 Bd3 7. Bxd3 cxd3 8.
Qxd3 Nbd7 9. O-O e6 10. Rd1 Be7 11. h3 Qa5 12. Bd2 Qh5 13. Ne2 Bd6 14. b4 Qg6
15. Qb3 O-O 16. Rac1 Ne4 17. Be1 Rac8 18. Nd2 Ndf6 19. Nc4 Bc7 20. b5 cxb5 21.
Qxb5 Ng5 22. Kf1 b6 23. Ne5 Bxe5 24. Qxe5 Qh6 25. Nf4 a5 26. f3 Rcd8 27. h4
Nge4 28. fxe4 Ng4 29. Qb5 Nxe3+ 30. Kg1 Nxd1 31. Bd2 Rxd4 32. Rxd1 Rxd2 33.
Rxd2 Qxf4 34. Re2 Rc8 35. Rc2 Qe3+ 36. Kh2 Rd8 37. Re2 Qf4+ 38. Kh3 h5 39. g3
Qf1+ 0-1

[Event "First Saturday 09 July FM-A"]
[Site "Budapest"]
[Date "2009.07.09"]
[Round "6"]
[White "Schenkerik, Csaba"]
[Black "Czibulka, Zoltan"]
[Result "1-0"]
[WhiteElo "2153"]
[BlackElo "2087"]
[PlyCount "61"]
[EventDate "2009.07.04"]

1. e4 e6 2. d4 d5 3. Nc3 Bb4 4. a3 Bxc3+ 5. bxc3 c5 6. exd5 Qxd5 7. Be3 cxd4 8.
cxd4 Nc6 9. Nf3 Nf6 10. Be2 O-O 11. O-O Bd7 12. c4 Qd6 13. Qd2 b6 14. Bf4 Qe7
15. Ne5 Be8 16. Rfd1 Na5 17. Qb4 Qd8 18. d5 exd5 19. cxd5 Qc8 20. Rac1 Qb7 21.
Bf3 Rd8 22. d6 Qa6 23. Rc7 Nd7 24. Nc6 Nxc6 25. Bxc6 Nb8 26. Bd5 h6 27. Re1 Bd7
28. Qb3 Ba4 29. Qg3 Qa5 30. Re5 Rxd6 31. Bxh6 1-0